000 00669nam a2200229Ia 4500
005 20241129104314.0
008 241129s9999||||xx |||||||||||||| ||und||
020 _a9781292291154
037 _aTextual
040 _aRTL
_beng
_cRTL
041 _aeng
_2eng
084 _aX:77.1(X) Q5;R0
_qRTL
100 _aTodaro Michael P.; Smith Stephen C.
_9725680
245 0 _aEconomic development
_cTodaro Michael P.; Smith Stephen C.
250 _a13th
260 _aHarlow
_bPearson Education
_c2020
300 _axl,884p.
365 _aINR
_bRs.6461.28
650 _aEconomic Development
942 _cTB
_hX:77.1(X) Q5;R0
999 _c1225309
_d1225309